000 00755nam a2200241Ia 4500
003 OSt
005 20220926022426.0
006 a|||||r|||| 00| 0
007 ta
008 220923b |||||||| |||| 00| 0 eng d
037 _cGeneral Book
040 _aRTL
_cRTL
_beng
041 _2eng
_aeng
082 _aL:471:62l, K2/GD
110 _aUnited Nations. Economic and Social Affairs (Deptt. Of.....)
245 0 _aBasic services and equipment for rehabilitation centres
260 _aNew York
_bUnited Nations U. S. A.
_c1962
300 _a35p
_ccm.
650 _aMedicine
_94387
700 _aUnited Nations. Economic and Social Affairs (Deptt. Of.....)
942 _hL:471:62l, K2/GD
_cGB
_2CC
999 _c639445
_d639445